[Event "41. Open Ciutat de Badalona 2015 - B"]
[Site "Badalona ESP"]
[Date "2015.08.10"]
[Round "9.2"]
[White "Romero Castejón, Daniel"]
[Black "Martin Sanchez, Enric"]
[Result "1-0"]
[WhiteElo "2073"]
[BlackElo "2113"]
[PlyCount "31"]
[EventDate "2015.08.02"]
[EventType "swiss"]
[EventRounds "9"]
[EventCountry "ESP"]
[SourceTitle "Ajedrez en Madrid"]
[Source "lmi"]
[SourceDate "2015.08.02"]
[SourceVersion "1"]
[SourceVersionDate "2018.07.18"]
[SourceQuality "1"]

1. e4 e5 2. Nc3 Nc6 3. Bb5 a6 4. Bxc6 bxc6 5. f4 d5 6. d3 g6 7. Nf3 Bg7 8. O-O
Nf6 9. Qe1 Rb8 10. f5 Ng8 11. exd5 cxd5 12. fxg6 hxg6 13. Nxe5 Rb4 14. Nxf7+
Qe7 15. Nxh8 Bxh8 16. Nxd5 1-0

[Event "41. Open Ciutat de Badalona 2015 - B"]
[Site "Badalona ESP"]
[Date "2015.08.10"]
[Round "9.3"]
[White "Magallanes, Gustavo Javier"]
[Black "Ramon Serrano, Fco. Javier"]
[Result "0-1"]
[WhiteElo "2146"]
[BlackElo "2163"]
[PlyCount "74"]
[EventDate "2015.08.02"]
[EventType "swiss"]
[EventRounds "9"]
[EventCountry "ESP"]
[SourceTitle "Ajedrez en Madrid"]
[Source "lmi"]
[SourceDate "2015.08.02"]
[SourceVersion "1"]
[SourceVersionDate "2018.07.18"]
[SourceQuality "1"]

1. e4 d5 2. exd5 Nf6 3. d4 Bg4 4. Nf3 Qxd5 5. Be2 Nc6 6. O-O O-O-O 7. Be3 e6 8.
c4 Qd7 9. Nbd2 Bb4 10. Nb3 Bd6 11. a3 h5 12. Nbd2 Bxf3 13. Nxf3 Ng4 14. b4 e5
15. d5 e4 16. dxc6 Qxc6 17. Nd4 Bxh2+ 18. Kh1 Qf6 19. Bxg4+ hxg4 20. Qxg4+ Kb8
21. g3 Bxg3+ 22. Kg2 Be5 23. Rfd1 Bxd4 24. Bxd4 Rxd4 25. Rxd4 Qxd4 26. Rd1 Qxc4
27. Qxg7 Re8 28. Qf6 a6 29. Rd7 Rg8+ 30. Kh2 Qf1 31. Rd8+ Rxd8 32. Qxd8+ Ka7
33. Qd4+ b6 34. Qxe4 Qxf2+ 35. Kh3 Qf6 36. Qc2 Qh6+ 37. Kg4 Qg6+ 0-1

[Event "41. Open Ciutat de Badalona 2015 - B"]
[Site "Badalona ESP"]
[Date "2015.08.10"]
[Round "9.4"]
[White "Masferrer Niubo, Enric"]
[Black "Fernandez Martin, Javier"]
[Result "1/2-1/2"]
[WhiteElo "2155"]
[BlackElo "2059"]
[PlyCount "139"]
[EventDate "2015.08.02"]
[EventType "swiss"]
[EventRounds "9"]
[EventCountry "ESP"]
[SourceTitle "Ajedrez en Madrid"]
[Source "lmi"]
[SourceDate "2015.08.02"]
[SourceVersion "1"]
[SourceVersionDate "2018.07.18"]
[SourceQuality "1"]

1. e4 d5 2. exd5 Qxd5 3. Nc3 Qd6 4. d4 Nf6 5. Bc4 a6 6. Nge2 Qc6 7. Bb3 Qxg2 8.
Rg1 Qh3 9. Bf4 Qd7 10. Qd2 e6 11. O-O-O Nc6 12. d5 Na5 13. dxe6 Nxb3+ 14. axb3
Qxd2+ 15. Rxd2 Bxe6 16. Bxc7 Rc8 17. Bg3 Be7 18. Nd4 O-O 19. Re1 Bb4 20. Nxe6
fxe6 21. Rxe6 Rfe8 22. Rde2 Red8 23. Rb6 Bxc3 24. bxc3 Rd7 25. c4 Kf7 26. Rd6
Rcd8 27. Rxd7+ Rxd7 28. h3 g5 29. Re5 h6 30. Re3 Kg6 31. c5 h5 32. Bd6 g4 33.
hxg4 Nxg4 34. Rg3 Kf5 35. Kd2 h4 36. Rh3 Ne5 37. Re3 Ng4 38. Rf3+ Kg5 39. Ke2
Nf6 40. Kf1 Ne4 41. Kg2 Nxd6 42. Rd3 h3+ 43. Kh2 Rf7 44. cxd6 Rxf2+ 45. Kxh3
Rf8 46. d7 Rd8 47. Rd6 Kf5 48. c4 Ke5 49. c5 a5 50. Kg4 b6 51. Rxb6 Rxd7 52. c6
Rg7+ 53. Kf3 Kd6 54. Ke4 Rg4+ 55. Kd3 Rb4 56. Rxb4 axb4 57. Kd4 Kxc6 58. Kc4
Kc7 59. Kc5 Kb7 60. Kb5 Kc7 61. Kxb4 Kb6 62. Kc4 Kc6 63. b4 Kb6 64. b5 Kb7 65.
Kc5 Kc7 66. b6+ Kb7 67. Kb5 Kb8 68. Kc6 Kc8 69. b7+ Kb8 70. Kb6 1/2-1/2

[Event "41. Open Ciutat de Badalona 2015 - B"]
[Site "Badalona ESP"]
[Date "2015.08.10"]
[Round "9.5"]
[White "Cervello Tost, Roger"]
[Black "Riu Lopez, Sergi"]
[Result "0-1"]
[WhiteElo "2132"]
[BlackElo "2069"]
[PlyCount "86"]
[EventDate "2015.08.02"]
[EventType "swiss"]
[EventRounds "9"]
[EventCountry "ESP"]
[SourceTitle "Ajedrez en Madrid"]
[Source "lmi"]
[SourceDate "2015.08.02"]
[SourceVersion "1"]
[SourceVersionDate "2018.07.18"]
[SourceQuality "1"]

1. e4 e5 2. Nf3 Nc6 3. d4 exd4 4. Bc4 Nf6 5. e5 d5 6. Bb5 Ne4 7. Nxd4 Bd7 8.
Bxc6 bxc6 9. O-O Bc5 10. f3 Ng5 11. f4 Ne4 12. Be3 Qb8 13. Qc1 Bxd4 14. Bxd4 c5
15. Be3 d4 16. Nd2 Bc6 17. Nxe4 Bxe4 18. Bd2 O-O 19. b3 Qb7 20. Rf2 Rad8 21. f5
Qd5 22. Bf4 Bxf5 23. Bg5 f6 24. exf6 gxf6 25. Bh6 Rf7 26. Qf1 Bg6 27. Rxf6 Bxc2
28. Qf2 Bg6 29. Rf1 Rdd7 30. Qg3 d3 31. Rxg6+ hxg6 32. Qxg6+ Kh8 33. Re1 Qd4+
34. Be3 Qg7 35. Qh5+ Kg8 36. Qxc5 d2 37. Bxd2 Qd4+ 38. Qxd4 Rxd4 39. Be3 Re4
40. Bf2 Rxe1+ 41. Bxe1 Rf6 42. a4 a6 43. b4 Kf7 0-1

[Event "41. Open Ciutat de Badalona 2015 - B"]
[Site "Badalona ESP"]
[Date "2015.08.10"]
[Round "9.6"]
[White "Fernandez Egea, Andres"]
[Black "Castejon Ch, Diego"]
[Result "1/2-1/2"]
[WhiteElo "2013"]
[BlackElo "2116"]
[PlyCount "65"]
[EventDate "2015.08.02"]
[EventType "swiss"]
[EventRounds "9"]
[EventCountry "ESP"]
[SourceTitle "Ajedrez en Madrid"]
[Source "lmi"]
[SourceDate "2015.08.02"]
[SourceVersion "1"]
[SourceVersionDate "2018.07.18"]
[SourceQuality "1"]

1. e4 c5 2. Nf3 d6 3. d4 cxd4 4. Nxd4 Nf6 5. Nc3 a6 6. Be2 e6 7. Be3 Be7 8. O-O
Qc7 9. f3 Nc6 10. Qd2 O-O 11. g4 b5 12. Bd3 Bb7 13. Qf2 Ne5 14. g5 Nfd7 15. f4
Ng4 16. Qg3 Nxe3 17. Qxe3 Nc5 18. Rad1 b4 19. Nce2 Nxd3 20. Rxd3 Rfe8 21. f5 e5
22. Nb3 a5 23. f6 Bf8 24. Ng3 a4 25. fxg7 Bxg7 26. Nd2 Qxc2 27. Qf3 Rf8 28. Nf5
Ba6 29. Nxg7 Kxg7 30. Qf6+ Kg8 31. Rh3 Bxf1 32. Rxh7 Qc5+ 33. Kh1 1/2-1/2

[Event "41. Open Ciutat de Badalona 2015 - B"]
[Site "Badalona ESP"]
[Date "2015.08.10"]
[Round "9.7"]
[White "Fontanillas Sanchez, Joan"]
[Black "Garcia i Riera, Josep"]
[Result "1/2-1/2"]
[WhiteElo "2104"]
[BlackElo "2085"]
[PlyCount "101"]
[EventDate "2015.08.02"]
[EventType "swiss"]
[EventRounds "9"]
[EventCountry "ESP"]
[SourceTitle "Ajedrez en Madrid"]
[Source "lmi"]
[SourceDate "2015.08.02"]
[SourceVersion "1"]
[SourceVersionDate "2018.07.18"]
[SourceQuality "1"]

1. f4 d5 2. Nf3 Nf6 3. e3 Bg4 4. d4 e6 5. Bd3 c5 6. c3 Nc6 7. O-O Ne4 8. Nbd2
f5 9. Qa4 Nxd2 10. Bxd2 c4 11. Be2 Be7 12. b3 cxb3 13. axb3 O-O 14. Bb5 Bxf3
15. Rxf3 Qc7 16. Bxc6 bxc6 17. b4 Rfb8 18. Rff1 Qb6 19. Qa6 Bd8 20. Kf2 Qxa6
21. Rxa6 Rb6 22. Rfa1 Rxa6 23. Rxa6 Bb6 24. Ke2 Kf7 25. Be1 h6 26. Bh4 Rg8 27.
Kf3 Ke8 28. Bg3 Kd7 29. Bh4 Re8 30. Ke2 Kc7 31. Kd3 Kb7 32. Ra2 a5 33. bxa5 Ra8
34. Be7 Bxa5 35. c4 g6 36. h3 Bc7 37. Rxa8 Kxa8 38. Bf8 h5 39. Be7 Ba5 40. cxd5
cxd5 41. Ke2 Kb7 42. h4 Kc6 43. Ba3 Kb5 44. Bc1 Kc4 45. Bd2 Bd8 46. g3 Be7 47.
Be1 Ba3 48. Bd2 Bb2 49. Ba5 Bc3 50. Bb6 Kb3 51. Bc5 1/2-1/2

[Event "41. Open Ciutat de Badalona 2015 - B"]
[Site "Badalona ESP"]
[Date "2015.08.10"]
[Round "9.8"]
[White "Riu Lopez, Daniel"]
[Black "Garcia Clemente, Julian Francisco"]
[Result "1-0"]
[WhiteElo "2100"]
[BlackElo "2031"]
[PlyCount "83"]
[EventDate "2015.08.02"]
[EventType "swiss"]
[EventRounds "9"]
[EventCountry "ESP"]
[SourceTitle "Ajedrez en Madrid"]
[Source "lmi"]
[SourceDate "2015.08.02"]
[SourceVersion "1"]
[SourceVersionDate "2018.07.18"]
[SourceQuality "1"]

1. e4 e6 2. b3 d5 3. Bb2 dxe4 4. Nc3 Nf6 5. Qe2 Be7 6. O-O-O c6 7. g4 Qa5 8.
Kb1 Na6 9. a4 Bd7 10. h4 O-O-O 11. g5 Nd5 12. Nxe4 f6 13. Nf3 e5 14. gxf6 gxf6
15. Ne1 Nf4 16. Qe3 Kb8 17. Bxa6 Qxa6 18. Nxf6 Bxf6 19. Bxe5+ Bxe5 20. Qxe5+
Kc8 21. Qxf4 Rhf8 22. Qe3 Rde8 23. Qd3 Qb6 24. f3 Re5 25. Ng2 Rd8 26. Ne3 Bf5
27. Qc3 Rc5 28. Qb2 Be6 29. d4 Rh5 30. Qc3 Kb8 31. Ng2 Rf5 32. Qe3 Bd5 33. Rdf1
Rdf8 34. Ne1 h5 35. Rhg1 Qa6 36. Rf2 b5 37. axb5 Qxb5 38. Rg7 R8f7 39. Qe8+ Kb7
40. Rxf7+ Rxf7 41. Nd3 Bxb3 42. Nc5+ 1-0

[Event "41. Open Ciutat de Badalona 2015 - B"]
[Site "Badalona ESP"]
[Date "2015.08.10"]
[Round "9.9"]
[White "Alfonso Nogue, Beatriz"]
[Black "Martin Villanova, Jordi"]
[Result "1-0"]
[WhiteElo "2162"]
[BlackElo "2062"]
[PlyCount "43"]
[EventDate "2015.08.02"]
[EventType "swiss"]
[EventRounds "9"]
[EventCountry "ESP"]
[SourceTitle "Ajedrez en Madrid"]
[Source "lmi"]
[SourceDate "2015.08.02"]
[SourceVersion "1"]
[SourceVersionDate "2018.07.18"]
[SourceQuality "1"]

1. d4 d5 2. Nf3 e6 3. c4 f5 4. Bf4 Nf6 5. e3 c6 6. Bd3 Bd6 7. Ne5 O-O 8. Nd2
Ne4 9. Qc2 Bb4 10. Bxe4 fxe4 11. O-O-O Nd7 12. f3 Nf6 13. Bg5 Qa5 14. a3 Bxd2+
15. Rxd2 exf3 16. gxf3 dxc4 17. Rg2 c3 18. Bh6 cxb2+ 19. Kb1 Qxa3 20. Rxg7+ Kh8
21. Qxh7+ Nxh7 22. Ng6# 1-0

[Event "41. Open Ciutat de Badalona 2015 - B"]
[Site "Badalona ESP"]
[Date "2015.08.10"]
[Round "9.10"]
[White "Romeu Perulles, Jaume"]
[Black "Martos Martin, Josep Angel"]
[Result "0-1"]
[WhiteElo "2110"]
[BlackElo "2045"]
[PlyCount "80"]
[EventDate "2015.08.02"]
[EventType "swiss"]
[EventRounds "9"]
[EventCountry "ESP"]
[SourceTitle "Ajedrez en Madrid"]
[Source "lmi"]
[SourceDate "2015.08.02"]
[SourceVersion "1"]
[SourceVersionDate "2018.07.18"]
[SourceQuality "1"]

1. Nc3 d5 2. e4 e6 3. Nf3 Nf6 4. exd5 exd5 5. d4 Bb4 6. Bd2 O-O 7. Be2 Nc6 8.
O-O Bf5 9. Bg5 Bxc3 10. bxc3 Qd6 11. Bxf6 Qxf6 12. Re1 Be4 13. Rb1 Rab8 14. Nd2
Qg6 15. Nxe4 dxe4 16. Bh5 Qf5 17. Qe2 a6 18. Bg4 Qd5 19. f3 Qxa2 20. fxe4 Qa5
21. Qf3 Qg5 22. g3 b5 23. h4 Qd8 24. e5 Ne7 25. Ra1 a5 26. Rxa5 f5 27. exf6
Rxf6 28. Qe4 Ng6 29. Be6+ Kh8 30. d5 c6 31. Raa1 Qd6 32. Kg2 Rbf8 33. h5 Rf2+
34. Kh3 R2f3 35. Qg4 Ne5 36. Rxe5 Qxe5 37. Qxf3 Qb8 38. Qe4 cxd5 39. Bxd5 Qc8+
40. Kg2 Qxc3 0-1